00198nam a22000737a 4500020001500000100004000015245003800055260003100093 a0333448561 aFrancis J Gichaga, Neville A. Paker aEssentials of Highway Engineering bMacmillan Publishersc1988